Biblioteca

¡Celebremos! (Registro nro. 56248)

Detalles MARC
000 -LÍDER
Campo fijo de descripción fija 00938aab a2200193 i 4500
001 - NÚMERO DE CONTROL
Campo de control 768714001
003 - IDENTIFICADOR DEL NÚMERO DE CONTROL
Campo de control CO-MdFUSB
005 - FECHA Y HORA DE LA ULTIMA TRANSACCIÓN
control field 20240424075509.0
008 - ELEMENTOS DE LONGITUD FIJA -- INFORMACIÓN GENERAL
Campo fijo de descripción fija -- Información general 170513s1997 cr ||||| |||| 00| 0 spa d
040 ## - FUENTE DE CATALOGACIÓN
Agencia Catalogadora CO-MdFUSB
Idioma de catalogación spa
Agencia que realiza la transcripción CO-MdFUSB
Agencia que realiza la modificación CO-MdFUSB
041 ## - CÓDIGO DE IDIOMA
Código de idioma para texto/pista de sonido o título separado spa
100 1# - ASIENTO PRINCIPAL--NOMBRE PERSONAL
Nombre personal Wittig, Randall M.
Término relacionador autor
245 ## - TÍTULO
Título ¡Celebremos!
Mención de responsabilidad / Wittig, Randall M.
300 ## - DESCRIPCIÓN FÍSICA
Extensión Volumen 14, número 2 (enero - marzo, 1997), páginas: 4
Dimensiones ; 27 cm
520 ## - NOTA DE RESUMEN, ETC.
Nota de sumario, etc. Recientemente, he cuestionado y seguido las prácticas de varias iglesias al celebrar la Navidad y la Pascua. Más de la mitad de las iglesias pasan estos días como todo el mundo, no los aprovechéis para nada. "¿Por qué no creéis que Jesús murió y resucitó?" preguntó el católico. "¿No celebras la Pascua?".
650 #7 - ASIENTO SECUNDARIO DE MATERIA - TERMINO TEMÁTICO
Término temático o nombre geográfico como elemento de entrada Liturgia
9 (RLIN) 206
773 0# - ASIENTO DE ITEM FUENTE
Título Apuntes Pastorales
Biblionumber 49442
Itemnumber 60174
Parte(s) relacionada(s) / Volumen., número. (mes año), páginas Volumen 14, número 2 (enero - marzo, 1997), páginas: 4
Enumeración y primera página página: 4
942 ## - TIPO DE MATERIAL (KOHA)
Tipo de Item KOHA Artículos de Revista

No hay ítems disponibles.

Biblioteca FUSBC | Teléfono: (57+4) 349 88 10 Ext. 141| WhatsApp (+57) 3005338115 
E-mail: biblioteca@unisbc.edu.co | Calle 76 87-14 Robledo Palenque, Medellín, Colombia

Con tecnología Koha